[Event "Superliga w Szachach Szybkich"]
[Site "Wroclaw, Katowice, Krakow, Poznan"]
[Date "2023-10-17"]
[Round "11.3"]
[White "Gumularz, Szymon"]
[Black "Sieciechowicz, Marcin"]
[Result "1-0"]
[WhiteTitle "GM"]
[BlackTitle "IM"]
[WhiteElo "2553"]
[BlackElo "2329"]

1. c4 2. Nf6 3. Nc3 4. g6 5. e4 6. d6 7. d4 8. Bg7 9. h3 10. Nbd7 11. Nf3 12. e5
13. g3 14. O-O 15. Bg2 16. exd4 17. Nxd4 18. Ne5 19. b3 20. c5 21. Nde2 22. a6
23. O-O 24. Rb8 25. Be3 26. Qe7 27. a4 28. Rd8 29. Ra2 30. Be6 31. Rd2 32. Ne8
33. f4 34. Nc6 35. g4 36. Nc7 37. e5 38. dxe5 39. f5 40. Rxd2 41. Qxd2 42. Rd8
43. Qe1 44. Bc8 45. Ne4 46. f6 47. Bxc5 48. Qf7 49. fxg6 50. Qxg6 51. Qh4 52.
f5 53. gxf5 54. Bxf5 55. N4g3 56. Rd2 57. Rxf5 58. Rxe2 59. Nxe2 60. Qxf5 61.
Bxc6 62. e4 63. Qd8+ 1-0

[Event "Superliga w Szachach Szybkich"]
[Site "Wroclaw, Katowice, Krakow, Poznan"]
[Date "2023-10-17"]
[Round "11.4"]
[White "Kulon, Klaudia"]
[Black "Zawadzka, Jolanta"]
[Result "1/2-1/2"]
[WhiteTitle "IM"]
[BlackTitle "WGM"]
[WhiteElo "2271"]
[BlackElo "2258"]

1. d4 2. d5 3. Nf3 4. Nf6 5. Bf4 6. e6 7. e3 8. Bd6 9. c3 10. O-O 11. Bd3 12. b6
13. Nbd2 14. Bb7 15. Qb1 16. Bxf4 17. exf4 18. c5 19. g4 20. cxd4 21. cxd4 22.
Qd6 23. g5 24. Ne4 25. Nxe4 26. dxe4 27. Bxe4 28. Bxe4 29. Qxe4 30. Qb4+ 31. Kf1
32. Nd7 33. Kg2 34. Qxb2 35. h4 36. Rac8 37. Qb7 38. Rfd8 39. h5 40. Qc2 41. Rac1
42. Qxc1 43. Rxc1 44. Rxc1 45. Qxa7 46. Rc6 47. Qb7 48. Rcc8 49. a4 50. Rb8 51.
Qc7 52. Rbc8 53. Qd6 54. Nc5 55. Qxb6 56. Nxa4 57. Qb4 58. Nc3 59. Ne5 60. Ne2
61. Qb7 62. Rf8 63. Qe4 64. Nc3 65. Qb7 66. Ne2 67. h6 68. Nxf4+ 69. Kh2 70. Ng6
71. hxg7 72. Kxg7 73. Ng4 74. Rcd8 75. Qf3 76. f5 77. gxf6+ 78. Kh8 79. f7 80.
h5 81. Qf6+ 82. Kh7 83. Ne5 84. Nxe5 85. dxe5 86. Rd7 87. Qg5 88. Rdxf7 89. Qxh5+
90. Kg7 91. Qg4+ 92. Kh8 93. Qxe6 94. Rxf2+ 95. Kg3 96. R2f3+ 97. Kg4 98. R3f7
99. Qh6+ 100. Kg8 101. Qe6 102. Kh7 103. Kg5 104. Rg7+ 105. Kh5 106. Rf2 107.
Qh6+ 108. Kg8 109. Qe6+ 110. Kh7 111. Qh6+ 112. Kg8 113. Qe6+ 1/2-1/2

[Event "Superliga w Szachach Szybkich"]
[Site "Wroclaw, Katowice, Krakow, Poznan"]
[Date "2023-10-17"]
[Round "11.5"]
[White "Dragun, Kamil"]
[Black "Navara, David"]
[Result "0-1"]
[WhiteTitle "GM"]
[BlackTitle "GM"]
[WhiteElo "2553"]
[BlackElo "2707"]

1. d4 2. Nf6 3. c4 4. e6 5. Nf3 6. b6 7. g3 8. Ba6 9. b3 10. Bb4+ 11. Bd2 12. Be7
13. Nc3 14. O-O 15. e4 16. d5 17. cxd5 18. Bxf1 19. Kxf1 20. exd5 21. e5 22. Ne4
23. Kg2 24. Nc6 25. Rc1 26. Qd7 27. Re1 28. Nxc3 29. Rxc3 30. Nd8 31. Rc1 32.
Ne6 33. b4 34. Rac8 35. a4 36. c5 37. dxc5 38. bxc5 39. bxc5 40. d4 41. Bb4 42.
Qd5 43. Qd3 44. Bxc5 45. Bxc5 46. Nxc5 47. Qd1 48. Nb3 49. Rb1 50. Rc3 51. Re3
52. d3 53. Rb2 54. Rfc8 55. h4 56. h6 57. e6 58. fxe6 59. Re5 60. Qc4 61. Rb5
62. Nc5 63. R2b4 64. Qd5 65. Rd4 66. Qc6 67. Qe1 68. d2 69. Qe2 70. Rf8 0-1

[Event "Superliga w Szachach Szybkich"]
[Site "Wroclaw, Katowice, Krakow, Poznan"]
[Date "2023-10-17"]
[Round "11.6"]
[White "Piorun, Kacper"]
[Black "Krasenkow, Michal"]
[Result "1-0"]
[WhiteTitle "GM"]
[BlackTitle "GM"]
[WhiteElo "2472"]
[BlackElo "2453"]

1. Nf3 2. d5 3. g3 4. g6 5. Bg2 6. Bg7 7. d4 8. Nf6 9. O-O 10. O-O 11. a4 12. c5
13. dxc5 14. Na6 15. c3 16. Nxc5 17. Be3 18. Nce4 19. Bd4 20. Bg4 21. Na3 22.
Qc8 23. Rc1 24. Bh6 25. e3 26. Ng5 27. Bxf6 28. exf6 29. h4 30. Nxf3+ 31. Bxf3
32. Bxf3 33. Qxf3 34. Qc6 35. Nb5 36. a6 37. Nd4 38. Qxa4 39. Qxd5 40. Rab8 41.
h5 42. Rfd8 43. Qf3 44. f5 45. Rfd1 46. Qa5 47. Rd2 48. Qb6 49. Rcd1 50. Bg7 51.
Qf4 52. Rbc8 53. Nf3 54. Bf6 55. e4 56. fxe4 57. Rd6 58. Rxd6 59. Rxd6 60. Rc6
61. Rxc6 62. Qxc6 63. Nd2 64. g5 65. Qe3 66. Be7 67. Nxe4 68. Qe6 69. Qd4 70.
h6 71. Kg2 72. f5 73. Nd2 74. Qc6+ 75. Kg1 76. Bf6 77. Qd3 78. Qe6 79. Nc4 80.
Be7 81. Ne3 82. f4 83. Nf5 84. fxg3 85. fxg3 86. Kf7 87. Kg2 88. Bf8 89. Kf3 90.
Qc6+ 91. Kg4 92. Qe6 93. Kf3 94. Qc6+ 95. Kg4 96. Qe6 97. Kh3 98. Kf6 99. g4 100.
Kf7 101. Kg3 102. Qe5+ 103. Kg2 104. Qe6 105. c4 106. Qe5 107. b3 108. Qf4 109.
Qd5+ 110. Kf6 111. Qd8+ 112. Kf7 113. Qd7+ 114. Kf6 115. Qd8+ 116. Kf7 117. Qd1
118. Qe4+ 119. Kh3 120. Ke6 121. Ng3 122. Qe5 123. Qd8 124. Bd6 125. Qe8+ 126.
Be7 127. Qc8+ 128. Kf7 129. Qxb7 130. a5 131. Qf3+ 132. Ke8 133. Nf5 134. Bf8
135. Qc6+ 136. Kd8 137. Qa8+ 1-0

[Event "Superliga w Szachach Szybkich"]
[Site "Wroclaw, Katowice, Krakow, Poznan"]
[Date "2023-10-17"]
[Round "11.7"]
[White "Kanarek, Marcel"]
[Black "Socko, Bartosz"]
[Result "0-1"]
[WhiteTitle "GM"]
[BlackTitle "GM"]
[WhiteElo "2400"]
[BlackElo "2522"]

1. e4 2. e5 3. Nf3 4. Nc6 5. Bb5 6. a6 7. Ba4 8. Nge7 9. c3 10. Ng6 11. d4 12.
exd4 13. cxd4 14. Bb4+ 15. Nc3 16. d5 17. exd5 18. Bxc3+ 19. bxc3 20. Qxd5 21.
O-O 22. O-O 23. Bb3 24. Qa5 25. Bd2 26. Bg4 27. h3 28. Bxf3 29. Qxf3 30. Nxd4
31. cxd4 32. Qxd2 33. Qxb7 34. Qxd4 35. Qxc7 36. a5 37. Rad1 38. Qf4 39. Rd7 40.
a4 41. Bd5 42. Qxc7 43. Rxc7 44. Ra5 45. Rd1 46. h5 47. g3 48. Ne5 49. Re7 50.
Ng6 51. Rd7 52. Ne5 53. Rd6 54. Kh7 55. f4 56. Ng6 57. Rd7 58. h4 59. Kg2 60.
f6 61. Be4 62. f5 63. Bf3 64. Rc5 65. R1d2 66. Rfc8 67. R7d6 68. Rc3 69. R6d3
70. Rxd3 71. Rxd3 72. Rc2+ 73. Kg1 74. hxg3 75. Rd4 76. Nh4 77. Bd1 78. Rc1 79.
Rd3 80. a3 81. Kf1 82. g2+ 83. Kf2 84. Ra1 85. Rd2 86. g1=Q+ 0-1

[Event "Superliga w Szachach Szybkich"]
[Site "Wroclaw, Katowice, Krakow, Poznan"]
[Date "2023-10-17"]
[Round "11.8"]
[White "Socko, Monika"]
[Black "Zawadzka, Beata"]
[Result "1-0"]
[WhiteTitle "GM"]
[BlackTitle "WGM"]
[WhiteElo "2303"]
[BlackElo "2211"]

1. d4 2. f5 3. g3 4. Nf6 5. Bg2 6. g6 7. Nh3 8. Bg7 9. Nf4 10. Nc6 11. d5 12. Ne5
13. O-O 14. c6 15. Nc3 16. O-O 17. b3 18. cxd5 19. Nfxd5 20. Nxd5 21. Qxd5+ 22.
e6 23. Qd2 24. d5 25. Bb2 26. Nf7 27. Na4 28. Bxb2 29. Nxb2 30. Bd7 31. c4 32.
dxc4 33. Nxc4 34. Bc6 35. Bxc6 36. Qxd2 37. Nxd2 38. bxc6 39. Rac1 40. Rfd8 41.
Nc4 42. Rac8 43. Rc2 44. Rd5 45. Rfc1 46. e5 47. Ne3 48. Rd6 49. Kf1 50. Kf8 51.
Ke1 52. Ke7 53. Rc5 54. Kd7 55. Ra5 56. Rc7 57. Rc4 58. Rd4 59. Rcc5 60. e4 61.
Nc4 62. Nd8 63. Ra6 64. Rd5 65. Rxd5+ 66. cxd5 67. Rd6+ 68. Ke7 69. Rxd5 70. Ne6
71. Kd2 72. h5 73. h4 74. Rb7 75. Kc3 76. Nc7 77. Re5+ 78. Kf6 79. a4 80. Na6
81. Rd5 82. Nb4 83. Rd6+ 84. Kg7 85. Ne5 1-0

[Event "Superliga w Szachach Szybkich"]
[Site "Wroclaw, Katowice, Krakow, Poznan"]
[Date "2023-10-17"]
[Round "11.9"]
[White "Volokitin, Andrei"]
[Black "Tomczak, Jacek"]
[Result "1-0"]
[WhiteTitle "GM"]
[BlackTitle "GM"]
[WhiteElo "2626"]
[BlackElo "2549"]

1. e4 2. e6 3. d4 4. d5 5. Nc3 6. Nf6 7. e5 8. Nfd7 9. f4 10. c5 11. Nf3 12. Nc6
13. Be3 14. Be7 15. Qd2 16. a6 17. Bd3 18. b5 19. Qf2 20. Qb6 21. O-O 22. Bb7
23. Kh1 24. Nb4 25. dxc5 26. Nxc5 27. f5 28. Ncxd3 29. cxd3 30. Qc7 31. Qg3 32.
g6 33. fxe6 34. fxe6 35. Nd4 36. Qd7 37. Bg5 38. Nc6 39. Nce2 40. Rf8 41. Nxc6
42. Bxc6 43. Nd4 44. Bb7 45. Qg4 46. Bxg5 47. Qxg5 48. Rf7 49. Rf6 50. Rxf6 51.
exf6 52. Kf7 53. Nf3 54. Kg8 55. Ne5 56. Qc7 57. Rf1 58. Rf8 59. f7+ 60. Kg7 61.
Qf6+ 62. Kh6 63. h4 64. d4 65. Ng4+ 1-0

[Event "Superliga w Szachach Szybkich"]
[Site "Wroclaw, Katowice, Krakow, Poznan"]
[Date "2023-10-17"]
[Round "11.10"]
[White "Warakomski, Tomasz"]
[Black "Moranda, Wojciech"]
[Result "0-1"]
[WhiteTitle "GM"]
[BlackTitle "GM"]
[WhiteElo "2461"]
[BlackElo "2562"]

1. e4 2. c5 3. Nf3 4. d6 5. d4 6. cxd4 7. Nxd4 8. Nf6 9. Nc3 10. a6 11. Bd3 12.
g6 13. f3 14. Qb6 15. a3 16. Nc6 17. Nxc6 18. bxc6 19. b3 20. Bg7 21. Na4 22.
Qa7 23. Bb2 24. O-O 25. Qd2 26. Be6 27. g4 28. c5 29. c4 30. Rab8 31. Bc2 32.
Nd7 33. Bxg7 34. Kxg7 35. h4 36. Ne5 37. Qc3 38. f6 39. O-O-O 40. Nc6 41. Rdg1
42. Nd4 43. Rh2 44. Qb7 45. Kd1 46. Nxb3 47. f4 48. Nd4 49. f5 50. Bd7 0-1

[Event "Superliga w Szachach Szybkich"]
[Site "Wroclaw, Katowice, Krakow, Poznan"]
[Date "2023-10-17"]
[Round "11.11"]
[White "Kowalczyk, Pawel"]
[Black "Klekowski, Maciej"]
[Result "0-1"]
[WhiteTitle "m"]
[BlackTitle "GM"]
[WhiteElo "2251"]
[BlackElo "2405"]

1. e4 2. c5 3. Ne2 4. Nc6 5. d4 6. cxd4 7. Nxd4 8. e6 9. Nc3 10. a6 11. Be2 12.
Qc7 13. O-O 14. Nf6 15. Be3 16. Bb4 17. a3 18. Bxc3 19. bxc3 20. Nxe4 21. Qd3
22. d5 23. Nxc6 24. bxc6 25. f3 26. Nf6 27. Qd4 28. O-O 29. Bf4 30. Qa7 31. Rfb1
32. Nd7 33. Be3 34. Qc7 35. Bd3 36. e5 37. Qh4 38. f5 39. Qe7 40. Rf7 41. Qg5
42. h6 43. Qg6 44. Nf8 45. Qh5 46. c5 47. c4 48. d4 49. Bf2 50. Bd7 51. Bg3 52.
Re8 53. Re1 54. Qd6 55. Rab1 56. g6 57. Qxh6 58. f4 59. Bh4 60. Rh7 61. Qg5 62.
Kg7 63. g4 64. Rh6 65. Rb7 66. Nh7 67. Bf5 68. Nxg5 69. Rxd7+ 70. Qxd7 71. Bxd7
72. Nxf3+ 73. Kf2 74. Nxe1 0-1

[Event "Superliga w Szachach Szybkich"]
[Site "Wroclaw, Katowice, Krakow, Poznan"]
[Date "2023-10-17"]
[Round "11.12"]
[White "Antolak, Julia"]
[Black "Maltsevskaya, Aleksandra"]
[Result "0-1"]
[WhiteTitle "WGM"]
[BlackTitle "IM"]
[WhiteElo "2192"]
[BlackElo "2348"]

1. c4 2. e6 3. d4 4. d5 5. Nc3 6. Nf6 7. cxd5 8. exd5 9. Bg5 10. Be6 11. e3 12.
a6 13. Bd3 14. b5 15. Nge2 16. h6 17. Bh4 18. Bd6 19. Qc2 20. O-O 21. f4 22. Be7
23. h3 24. c5 25. dxc5 26. Bxc5 27. Nd4 28. Bxd4 29. exd4 30. Nc6 31. Qf2 32.
b4 33. Ne2 34. Bc8 35. O-O 36. Qd6 37. Ng3 38. Re8 39. Rfe1 40. Bd7 41. Re5 42.
Ne4 43. Nxe4 44. dxe4 45. Bxe4 46. Rac8 47. Rd5 48. Qc7 49. Bf3 50. Ne7 51. Bxe7
52. Rxe7 53. Re5 54. Ree8 55. Rae1 56. a5 57. Qd2 58. Qd6 59. d5 60. a4 61. Kh1
62. a3 63. bxa3 64. bxa3 65. Be4 66. Rb8 67. Bb1 68. Qf6 69. Qd3 70. g6 71. Qd4
72. Qh4 73. Rxe8+ 74. Bxe8 75. Qe5 76. Rd8 77. Rd1 78. Bd7 79. Qe3 80. Re8 81.
Qxa3 82. Re1+ 83. Rxe1 84. Qxe1+ 85. Kh2 86. Qxb1 87. Qd6 88. Qb7 89. Qe5 90.
Bb5 91. f5 92. gxf5 93. Qxf5 94. Qc7+ 95. Kh1 96. Bd7 97. Qf6 98. Qc1+ 99. Kh2
100. Qc7+ 101. d6 102. Qc6 103. Qxh6 104. Qd5 105. Qf4 106. Bc6 107. Qg3+ 108.
Kf8 109. a3 110. Ke8 111. h4 112. Kd7 113. Kh3 114. Bb5 115. Qg4+ 116. Kxd6 117.
Qf4+ 118. Ke7 119. Qe3+ 120. Kf8 121. Qh6+ 122. Ke8 123. Qe3+ 124. Kd7 125. Qf4
126. Bd3 127. Kh2 128. Be4 129. Qg3 130. Kc6 131. Qc3+ 132. Kd7 133. Qg3 134.
Bf5 135. a4 136. Bc2 137. Qg4+ 138. Kd8 139. h5 140. Qe5+ 141. g3 142. Be4 143.
Qd1+ 144. Ke7 145. Qe2 146. Kf8 147. a5 148. Qd4 149. a6 150. Bd3 151. Qd2 152.
Qd5 153. Qh6+ 154. Kg8 155. a7 156. Qa2+ 157. Kh3 158. Bf1+ 159. Kg4 160. Qxa7
161. Qg5+ 162. Kf8 163. Qd8+ 164. Kg7 165. Qg5+ 166. Kf8 167. h6 168. Qd7+ 169.
Kh4 170. Qd4+ 171. Qf4 172. Qxf4+ 173. gxf4 174. Kg8 175. Kg5 176. Kh7 177. Kf6
178. Bc4 179. Kg5 180. Be6 181. f5 182. Bc4 183. f6 184. Be2 185. Kf5 186. Kxh6
187. Ke5 188. Kg6 189. Kd4 0-1

[Event "Superliga w Szachach Szybkich"]
[Site "Wroclaw, Katowice, Krakow, Poznan"]
[Date "2023-10-17"]
[Round "11.13"]
[White "Pechac, Jergus"]
[Black "Raczek, Krzysztof"]
[Result "1-0"]
[WhiteTitle "GM"]
[BlackTitle "FM"]
[WhiteElo "2548"]
[BlackElo "2317"]

1. Nf3 2. Nf6 3. c4 4. d6 5. d4 6. g6 7. Nc3 8. Bg7 9. e4 10. O-O 11. Be2 12. Bg4
13. Be3 14. Nfd7 15. Qd2 16. e5 17. d5 18. a5 19. h3 20. Bxf3 21. Bxf3 22. f5
23. Qe2 24. f4 25. Bd2 26. Na6 27. O-O-O 28. Ndc5 29. Kb1 30. a4 31. Nb5 32. c6
33. Na3 34. Qd7 35. Bc3 36. Rfb8 37. Bg4 38. Qe7 39. h4 40. cxd5 41. Rxd5 42.
Nc7 43. Rd2 44. N5e6 45. h5 46. Nd4 47. Qd3 48. Na6 49. Qh3 50. Nc5 51. f3 52.
g5 53. h6 54. Bf6 55. Rhd1 56. Ra6 57. g3 58. Kh8 59. gxf4 60. gxf4 61. Qf1 62.
Rg8 63. Nb5 64. Rxg4 65. Bxd4 66. exd4 67. fxg4 68. Qxe4+ 69. Rc2 70. d3 71. Rcd2
72. Qxc4 73. Na3 74. Qd4 75. Nb5 76. Qb4 77. Nc7 78. Ra5 79. Nd5 80. Qd4 81. Nxf6
82. Qxf6 83. g5 84. Qd4 85. Qh3 86. Ra8 87. Qf5 88. Qe5 89. Qf7 90. a3 91. g6
92. hxg6 93. Qxg6 94. Ne4 95. Rg2 96. axb2 97. Qg7+ 98. Qxg7 99. hxg7+ 100. Kg8
101. Rxd3 102. Ng3 103. Rd4 104. Nh5 105. Rg5 106. Nxg7 107. Rxf4 108. Re8 109.
Rf6 110. Rd8 111. Rgg6 112. d5 113. Rd6 114. Re8 115. Rd7 1-0

[Event "Superliga w Szachach Szybkich"]
[Site "Wroclaw, Katowice, Krakow, Poznan"]
[Date "2023-10-17"]
[Round "11.14"]
[White "Turski, Bartlomiej"]
[Black "Leniart, Arkadiusz"]
[Result "0-1"]
[WhiteTitle "FM"]
[BlackTitle "GM"]
[WhiteElo "2253"]
[BlackElo "2418"]

1. e4 2. e6 3. d4 4. d5 5. e5 6. c5 7. c3 8. Nc6 9. Nf3 10. Bd7 11. Be2 12. Qb6
13. O-O 14. cxd4 15. cxd4 16. Nge7 17. Nc3 18. Nf5 19. Na4 20. Qd8 21. a3 22.
Be7 23. g4 24. Nh4 25. Nxh4 26. Bxh4 27. f4 28. O-O 29. Nc5 30. Be7 31. Nxd7 32.
Qxd7 33. b4 34. Rac8 35. Be3 36. f6 37. Bd3 38. g6 39. Rc1 40. f5 41. gxf5 42.
gxf5 43. Kh1 44. Kh8 45. Rg1 46. Rg8 47. Qh5 48. Rxg1+ 49. Rxg1 50. Rg8 51. Rxg8+
52. Kxg8 53. Kg2 54. Bd8 55. Kf3 56. Qf7 57. Qxf7+ 58. Kxf7 59. Bb5 60. Bb6 61.
Bxc6 62. bxc6 63. Bf2 64. Ke7 65. Ke2 66. Kd7 67. Kd3 68. Kc7 69. Be1 70. Kb7
71. a4 72. Bd8 73. Kc2 74. Be7 75. Kb3 76. Kb6 77. Kc2 78. a5 79. bxa5+ 80. Ka6
81. Kd3 82. c5 83. dxc5 84. Bxc5 85. h3 86. Bg1 87. Bd2 88. Ba7 89. Kc2 90. Bb8
91. Kb3 92. Bc7 93. Be3 94. Bxa5 95. Bc1 96. Bb6 97. Bd2 98. Bf2 99. Kb4 100.
Kb6 101. Kb3 102. Kc5 103. Kc3 104. Bd4+ 105. Kd3 106. Ba1 107. Be1 108. Bb2 109.
Bd2 110. Ba3 111. a5 112. Kb5 113. h4 114. h5 115. Be1 116. Be7 117. Ke3 118.
Bd8 119. Kd3 120. Bxa5 121. Bf2 122. Bb6 123. Be1 124. Bg1 125. Bg3 126. Kb4 127.
Be1+ 128. Kb3 129. Bg3 130. Bc5 131. Be1 132. Kb2 133. Bg3 134. Kc1 135. Be1 136.
Kd1 137. Bg3 138. Bg1 0-1

[Event "Superliga w Szachach Szybkich"]
[Site "Wroclaw, Katowice, Krakow, Poznan"]
[Date "2023-10-17"]
[Round "11.15"]
[White "Mikrut, Dariusz"]
[Black "Fiedorek, Michal"]
[Result "1-0"]
[WhiteTitle "IM"]
[BlackTitle "FM"]
[WhiteElo "2235"]
[BlackElo "2067"]

1. d4 2. Nf6 3. c4 4. e6 5. Nf3 6. d5 7. cxd5 8. exd5 9. Bf4 10. Bd6 11. Bxd6 12.
Qxd6 13. Qc2 14. O-O 15. e3 16. Re8 17. Bd3 18. Nbd7 19. Nc3 20. c6 21. O-O 22.
Nf8 23. Ne5 24. N6d7 25. Nf3 26. Nf6 27. a3 28. a5 29. Rab1 30. g6 31. h3 32.
Ne6 33. Na4 34. Ng7 35. Nb6 36. Ra7 37. b4 38. axb4 39. axb4 40. Bf5 41. Bxf5
42. Nxf5 43. b5 44. Ne4 45. Rfc1 46. Ne7 47. Nd2 48. Nxd2 49. Qxd2 50. cxb5 51.
Rxb5 52. Ra6 53. Qb4 54. Qd8 55. Qb3 56. Qd6 57. Nxd5 58. Ra3 59. Nxe7+ 60. Rxe7
61. Qb4 62. Qxb4 63. Rxb4 64. Kg7 65. g4 66. g5 67. Rc5 68. h6 69. Rcb5 70. Ra1+
71. Kg2 72. Ra2 73. Kg3 74. Ra7 75. h4 76. Kg6 77. Rb6+ 78. Kg7 79. R4b5 80. f6
81. hxg5 82. hxg5 83. Rc5 84. Ra1 85. Rf5 86. Rf7 87. Rfb5 88. Ra7 89. f4 90.
Ra3 91. Rb3 92. gxf4+ 93. Kxf4 94. Ra7 95. Re6 96. Ra1 97. Reb6 98. Ra7 99. e4
100. Re7 101. R3b4 102. Kf7 103. d5 104. Rd7 105. Kf5 106. Kg7 107. Rxf6 108.
Ra1 109. Rfb6 110. Rf1+ 111. Kg5 112. Rff7 113. Rg6+ 114. Kf8 115. Rf6 1-0

[Event "Superliga w Szachach Szybkich"]
[Site "Wroclaw, Katowice, Krakow, Poznan"]
[Date "2023-10-17"]
[Round "11.16"]
[White "Kiolbasa, Oliwia"]
[Black "Sliwicka, Alicja"]
[Result "1-0"]
[WhiteTitle "IM"]
[BlackTitle "WIM"]
[WhiteElo "2321"]
[BlackElo "2131"]

1. e4 2. c5 3. Nf3 4. Nc6 5. d4 6. cxd4 7. Nxd4 8. e6 9. Nc3 10. d6 11. Be2 12.
Nf6 13. O-O 14. Be7 15. Be3 16. O-O 17. f4 18. e5 19. Nxc6 20. bxc6 21. Kh1 22.
exf4 23. Bxf4 24. Be6 25. Qe1 26. Rb8 27. b3 28. Nd7 29. Rd1 30. Qc7 31. Bf3 32.
Ne5 33. Ne2 34. Bf6 35. c4 36. Rfe8 37. Qd2 38. Rbd8 39. Nd4 40. Qc8 41. Qa5 42.
Ng6 43. Bg3 44. Be5 45. Bxe5 46. Nxe5 47. Qxa7 48. Qa8 49. Qxa8 50. Rxa8 51. a4
52. Kf8 53. Rd2 54. Ke7 55. Rfd1 56. Red8 57. Kg1 58. g6 59. Kf2 60. h5 61. h3
62. Bd7 63. Be2 64. Rdb8 65. Rc1 66. Be6 67. Bd1 68. Rb4 69. Bc2 70. Bd7 71. Rcd1
72. Rd8 73. Nf3 74. Nxf3 75. Kxf3 76. Be6 77. a5 78. Rbb8 79. Ke3 80. Ra8 81.
Ra1 82. Ra6 83. Kd3 84. c5 85. Bd1 86. Rda8 87. Rda2 88. Rb8 89. Kc3 90. Rb7 91.
Bf3 92. Rb8 93. Rd1 94. f6 95. Rf1 96. Rc8 97. Ra4 98. Rc7 99. Ra2 100. Rca7 101.
Rfa1 102. Rc7 103. g4 104. h4 105. Be2 106. Rb7 107. Bd3 108. Rb8 109. Rf1 110.
Rba8 111. Raf2 112. Rf8 113. Ra1 114. Rfa8 115. b4 116. cxb4+ 117. Kxb4 118. Rb8+
119. Kc3 120. Rba8 121. Rfa2 122. R8a7 123. Ra4 124. Ra8 125. Kd2 126. Bd7 127.
R4a2 128. Bc6 129. Ke3 130. Ke6 131. c5 132. R6a7 133. Bc4+ 134. d5 135. exd5+
136. Bxd5 137. Kd4 138. Bxc4 139. Kxc4 140. Ra6 141. Re1+ 142. Kf7 143. Kb5 144.
R6a7 145. c6 146. Rb8+ 147. Kc5 148. Rba8 149. a6 150. Rc7 151. Kb6 152. Raa7
153. Rd2 154. f5 155. gxf5 156. gxf5 157. Rd6 158. Kg7 159. Red1 160. f4 161.
Rd7+ 162. Rxd7 163. cxd7 1-0

[Event "Superliga w Szachach Szybkich"]
[Site "Wroclaw, Katowice, Krakow, Poznan"]
[Date "2023-10-17"]
[Round "12.1"]
[White "Brodowski, Piotr"]
[Black "Pechac, Jergus"]
[Result "1-0"]
[WhiteTitle "IM"]
[BlackTitle "GM"]
[WhiteElo "2367"]
[BlackElo "2548"]

1. d4 2. e6 3. c4 4. d5 5. Nf3 6. Nf6 7. Nc3 8. Be7 9. Bf4 10. O-O 11. e3 12. Nbd7
13. h3 14. c5 15. cxd5 16. Nxd5 17. Nxd5 18. exd5 19. dxc5 20. Nxc5 21. Be2 22.
Qa5+ 23. Kf1 24. Ne4 25. Be5 26. Be6 27. g3 28. Bd6 29. Bxd6 30. Nxd6 31. Kg2
32. Rac8 33. Nd4 34. Rfd8 35. Bd3 36. Nc4 37. b3 38. Nd2 39. Nxe6 40. fxe6 41.
Qh5 42. g6 43. Qe5 44. Qb6 45. Rhd1 46. Ne4 47. Bxe4 48. dxe4 49. Qxe4 50. Kf7
51. Rac1 52. Rxc1 53. Rxc1 54. Rd5 55. Qf4+ 56. Rf5 57. Qc7+ 58. Kg8 59. Qxb6
60. axb6 61. Rc8+ 62. Kg7 63. Rc7+ 64. Kh6 65. Rxb7 66. Rb5 67. h4 68. Rb4 69.
Kh3 70. e5 71. Re7 72. Rb5 73. g4 74. g5 75. Re6+ 76. Kg7 77. hxg5 78. Rd5 79.
Rxb6 80. Rd2 81. Kg3 82. Rxa2 83. Rb5 84. Rb2 85. Rxe5 86. Rxb3 87. f4 88. Rb1
89. Re7+ 90. Kg6 91. Re6+ 92. Kf7 93. Ra6 94. Rb3 95. Kf3 96. Rb4 97. f5 98. Rb1
99. Ra7+ 100. Kg8 101. Kf4 102. Rb4+ 103. e4 104. Rb5 105. e5 106. Rb4+ 107. Kg3
108. Rb3+ 109. Kh4 110. Re3 111. e6 112. Re1 113. Ra8+ 114. Kg7 115. f6+ 116.
Kg6 117. Rg8# 1-0

[Event "Superliga w Szachach Szybkich"]
[Site "Wroclaw, Katowice, Krakow, Poznan"]
[Date "2023-10-17"]
[Round "12.2"]
[White "Leniart, Arkadiusz"]
[Black "Licznerski, Lukasz"]
[Result "0-1"]
[WhiteTitle "GM"]
[BlackTitle "IM"]
[WhiteElo "2418"]
[BlackElo "2423"]

1. d4 2. Nf6 3. Bf4 4. d6 5. Nf3 6. g6 7. e3 8. Nh5 9. Bd3 10. Nxf4 11. exf4 12.
Bg7 13. c3 14. Nd7 15. Nbd2 16. e5 17. f5 18. exd4 19. cxd4 20. O-O 21. O-O 22.
d5 23. Qc2 24. Nf6 25. Rfe1 26. Bd7 27. Ne5 28. c6 29. Ndf3 30. Qc8 31. fxg6 32.
fxg6 33. h3 34. Bf5 35. Bxf5 36. Qxf5 37. Qxf5 38. gxf5 39. Nd3 40. Ne4 41. Nfe5
42. Rfe8 43. f3 44. Nd6 45. a4 46. Re7 47. b3 48. Rae8 49. Kf1 50. f4 51. Ng4
52. Nf5 53. Rxe7 54. Rxe7 55. Re1 56. Ng3+ 57. Kg1 58. Bxd4+ 59. Kh2 60. Rxe1
61. Nxe1 62. h5 63. Nc2 64. Bg7 65. Nf2 66. Ne2 67. Nd3 68. Kf7 69. h4 70. Ke7
71. Kh3 72. Kd6 73. b4 74. b6 75. g4 76. fxg3 77. Ne3 78. Ke6 79. Nf1 80. Be5
81. Kg2 82. Nf4+ 0-1

[Event "Superliga w Szachach Szybkich"]
[Site "Wroclaw, Katowice, Krakow, Poznan"]
[Date "2023-10-17"]
[Round "12.3"]
[White "Sieciechowicz, Marcin"]
[Black "Mikrut, Dariusz"]
[Result "1/2-1/2"]
[WhiteTitle "IM"]
[BlackTitle "IM"]
[WhiteElo "2329"]
[BlackElo "2235"]

1. d4 2. Nf6 3. c4 4. g6 5. Nc3 6. Bg7 7. e4 8. O-O 9. Be2 10. d6 11. Be3 12. Nc6
13. d5 14. Ne5 15. f4 16. Neg4 17. Bd2 18. Nh6 19. Nf3 20. e6 21. dxe6 22. fxe6
23. O-O 24. b6 25. Bd3 26. Bb7 27. Qe2 28. Nd7 29. Rad1 30. Qe7 31. Bc2 32. a5
33. h3 34. e5 35. Nd5 36. Bxd5 37. exd5 38. Nf5 39. Bxf5 40. Rxf5 41. Nd4 42.
Rf7 43. Nc6 44. Qf8 45. fxe5 46. Nxe5 47. Rxf7 48. Qxf7 49. Rf1 50. Qe8 51. Re1
52. Qd7 53. Bc3 54. Re8 55. Bxe5 56. Bxe5 57. Kh1 58. Qg7 59. b3 60. Qh6 61. Qg4
62. Qg7 63. a3 64. h5 65. Qe4 66. Kh7 67. Nd4 68. Qf6 69. Ne6 70. Re7 71. Qe2
72. Rf7 73. Qe3 74. Kg8 75. Ng5 76. Rf8 77. Nf3 78. Re8 79. Qg5 80. Kg7 81. Qxf6+
82. Kxf6 83. Nd4 84. Re7 85. Rf1+ 86. Kg5 87. Ne6+ 88. Kh4 89. Rf3 90. g5 91.
Nf8 92. Rg7 93. Ne6 94. Re7 95. Nf8 96. Rg7 97. Ne6 98. Re7 1/2-1/2

[Event "Superliga w Szachach Szybkich"]
[Site "Wroclaw, Katowice, Krakow, Poznan"]
[Date "2023-10-17"]
[Round "12.4"]
[White "Sliwicka, Alicja"]
[Black "Kulon, Klaudia"]
[Result "0-1"]
[WhiteTitle "WIM"]
[BlackTitle "IM"]
[WhiteElo "2131"]
[BlackElo "2271"]

1. e4 2. e5 3. Nf3 4. Nc6 5. Bb5 6. a6 7. Ba4 8. d6 9. O-O 10. Bd7 11. c4 12. g6
13. d4 14. Bg7 15. d5 16. Nce7 17. Bxd7+ 18. Qxd7 19. Nc3 20. h6 21. Ne1 22. f5
23. exf5 24. gxf5 25. Qh5+ 26. Kf8 27. Nd3 28. Nf6 29. Qh3 30. b5 31. b3 32. Ng6
33. Bd2 34. Kf7 35. Rac1 36. bxc4 37. bxc4 38. Rab8 39. c5 40. e4 41. c6 42. Qc8
43. Nf4 44. Rb2 45. Be3 46. Nxf4 47. Bxf4 48. Kg6 49. Rb1 50. Rxb1 51. Rxb1 52.
Qg8 53. Qg3+ 54. Kh7 55. Qh3 56. Kg6 57. Rd1 58. Qf7 59. Qg3+ 60. Kh7 61. Qh3
62. Ng4 63. Ne2 64. Rb8 65. Ng3 66. Rb5 67. f3 68. Rxd5 69. Rxd5 70. Qxd5 71.
fxg4 72. Qd4+ 73. Kf1 74. Qd1+ 75. Kf2 76. Bd4+ 77. Be3 78. f4 79. Nf5 80. Bxe3+
81. Nxe3 82. Qd2+ 83. Kf1 84. fxe3 85. Qg3 86. e2+ 0-1